| 000 | 00842 a2200253 4500 | ||
|---|---|---|---|
| 003 | Nust | ||
| 005 | 20220727144010.0 | ||
| 020 | _a0-13-588187-0 | ||
| 020 | _a0-13-595752-4 | ||
| 040 | _cNust | ||
| 082 | _a005.43,TAN | ||
| 100 | 1 |
_aTanenbaum, Andrew S., _91413 |
|
| 245 | 0 | 0 |
_aModern operating systems / _cAndrew S. Tanenbaum |
| 260 |
_aUpper Saddle River, N.J. : _bPrentice Hall, _cc1992 |
||
| 300 |
_axx, 728 p. : _bill. ; _c25 cm |
||
| 505 | _aPART-1: Traditional Operating Systems(Page-1), PART-2: Distributed operating Systems (Page-362), | ||
| 650 | 0 |
_aComputer operating systems _995524 |
|
| 650 | 0 | _aOperating systems (Computers) | |
| 650 | 0 |
_aOperating systems (Computers) _995525 |
|
| 650 | 0 |
_aOperativsystem _995526 |
|
| 650 | 0 |
_aOperativsystem _995526 |
|
| 650 | 0 |
_aOperativsystem _995526 |
|
| 942 |
_2ddc _cBK _k004.43,TAN |
||
| 999 |
_c193302 _d193302 |
||